zpět

Detail výsledku týmu

Pivní Zkušebna, Frýdek-Místek

Datum a čas kvízu

26 Celkem bodů Celkový počet nahraných bodů na tomto kvízu bez doplňovacích otázek.
1. Pořadí na kvízu Konečné umístění týmu na tomto kvízu.

Zaznamenané odpovědi

# Otázka Odpověď Body Výsledky
1. Ministr školství Robert Plaga... 26. června 1
2. Minulý týden jsme se dozvěděli... A 0
3. Která česká zpěvačka a herečka... Marta Jandová 0
4. Jistá firma v pondělí oznámila... Kit Kat 1
5. „Všichni už jsou v Mexiku, Bue... 3:1 0
6. Vítězné téma facebookového hla... 1A 2D 3B 4C 1
7. Ve Formuli 1 můžeme občas zazn... A 1
8. Nejvíce velkých cen, k sezóně... A 0
9. Které křestní jméno má mladší... Ralf 1
10. Ve kterém státě se nachází záv... v Japonsku 0